00373nam a2200157 a 4500008004100000020001500041050001500056100002000071245002500091250001200116260002800128300002200156350000900178650000900187650001900196120416s1985 ||||||||||||||||| || u a0333397843 aHD 596 Bal aBalchin, Paul N10aUrban land economics a3rd ed. aLondonbMacmillanc1985 axvi, 302p. : ill. a0.00 aLAND aLAND ECONOMICS